000 00955cam a2200277 a 4500
001 3885483
003 OSt
005 20200320141707.0
008 900504s1989 pk b 000 0 eng
020 _c8171511406
040 _coclc
043 _aaw-----
082 0 0 _a297.19787
_220
_bQUR/F
100 1 _aQureshi, Muhammad Siddique.
245 1 0 _aForeign Policy of Hadrat Muhammad /
_cMuhammad Siddique Qureshi
250 _a1st ed.
260 _aNew Delhi:
_bKitab Bhavan,
_c1991.
300 _a369p
_c22 cm.
504 _aIncludes bibliographical references (p. 367-369).
600 0 0 _aMuḼammad,
_cProphet,
_d-632.
650 0 _aIslam
_xHistory.
651 0 _aIslamic Empire
_xHistory
_y622-661.
906 _a7
_bcbc
_corignew
_d3
_encip
_f19
_gy-gencatlg
942 _2ddc
_cBK
_h297.19787
_iQUR/F
_k297.19787
_mQUR/F
999 _c22566
_d22566